00250nam a2200097Ia 4500008004100000100001500041245005400056260002600110300000800136650000800144191201s2001 xx 000 0 und d aBHALLA,V K 0aInternational Business Environment and Management aN. DelhibAnmolc2001 a966 aMBA